Ágoston püspök
Elmentve itt :
| Szerző: | |
|---|---|
| Adatforrás: | Philobibl |
| Dokumentumtípus: | Könyv |
| Nyelv: | magyar |
| Kulcsszavak: | Ágoston, Szent Augustinus, Aurelius |
| Megjelent: |
Szeged
Agapé
1994
|
| Sorozat: | Az életszentség nagymesterei
|
| LEADER | 00434nam a2200145 c 4500 | ||
|---|---|---|---|
| 001 | bibDOK00000248 | ||
| 005 | 20200924115645.2 | ||
| 008 | 060518s1994 hu hun | ||
| 100 | 1 | |a Santucci, Giulio Cesare | |
| 245 | 1 | 0 | |a Ágoston püspök |c Santucci, Giulio Cesare |
| 260 | |a Szeged |b Agapé |c 1994 | ||
| 490 | 1 | |a Az életszentség nagymesterei | |
| 695 | |a Ágoston, Szent | ||
| 695 | |a Augustinus, Aurelius | ||
| 830 | 3 | |a Az életszentség nagymesterei | |